| 000 | 00869nam a2200241 i 4500 | ||
|---|---|---|---|
| 001 | bg | ||
| 245 | 0 | 0 |
_aIntegracja europejska - podstawy prawa wspólnotowego : _bmateriały pochodzą z seminariów zorganizowanych przez Instytut Europejski w Łodzi w ramach Projektu TEMPUS IB-JEP 13512-98 / _cred. nauk. Paweł Maro. |
| 260 |
_aŁódź : _bInstytut Europejski, _c2001. |
||
| 300 |
_a143 s. ; _c21 cm. |
||
| 490 | 1 |
_aIntegracja Europejska.. Lektury ; _v57 |
|
| 500 | _aRef. częśc. tł. z ang., fr. | ||
| 650 | 9 |
_aPrawo wspólnotowe europejskie _ystan na 1999 r. |
|
| 655 | _aPodręczniki | ||
| 700 | 1 |
_aMARO, Paweł. _eRed. |
|
| 830 | 0 |
_aIntegracja Europejska.. _pLektury |
|
| 020 | _a8386973862 | ||
| 040 | _cBPK | ||
| 041 | 1 |
_apl _hen |
|
| 080 | _a341.12(4-67)(07) | ||
| 920 | _a83-86973-86-2 | ||
| 942 | _cKS | ||
| 008 | s pl f |000 0 pol | ||
| 999 |
_c41709 _d41709 |
||
| 856 |
_uhttp://koha.tu.koszalin.pl/cgi-bin/koha/opac-detail.pl?biblionumber=41709 _yKatalog online BPK |
||